Công nghệ hàn kim loại

Tallennettuna:
Bibliografiset tiedot
Päätekijä: Phạm, Văn Tỳ
Aineistotyyppi: Kirja
Kieli:Undetermined
Julkaistu: Hà Nội Giao thông vận tải 2008
Aiheet:
Tagit: Lisää tagi
Ei tageja, Lisää ensimmäinen tagi!
Thư viện lưu trữ: Trung tâm Học liệu Trường Đại học Cần Thơ
LEADER 00538nam a2200193Ia 4500
001 CTU_132661
008 210402s9999 xx 000 0 und d
020 |c 38000 
082 |a 671.52 
082 |b T600 
100 |a Phạm, Văn Tỳ 
245 0 |a Công nghệ hàn kim loại 
245 0 |c Phạm Văn Tỳ 
260 |a Hà Nội 
260 |b Giao thông vận tải 
260 |c 2008 
650 |a Kỹ thuật hàn,Welding 
904 |i Quang Hiếu 
980 |a Trung tâm Học liệu Trường Đại học Cần Thơ